Memorial del convento / (Registro nro. 273)
[ vista simple ]
| 000 -LEADER | |
|---|---|
| fixed length control field | 01031nam a22002297a 4500 |
| 003 - CONTROL NUMBER IDENTIFIER | |
| control field | AR-RoUNCS |
| 005 - DATE AND TIME OF LATEST TRANSACTION | |
| control field | 20260212121421.0 |
| 008 - FIXED-LENGTH DATA ELEMENTS--GENERAL INFORMATION | |
| fixed length control field | 240726s2001 ag ||||| |||| 00| 0 spa d |
| 020 ## - INTERNATIONAL STANDARD BOOK NUMBER | |
| International Standard Book Number | 950-511-671-3 |
| 040 ## - CATALOGING SOURCE | |
| Transcribing agency | AR-RoUNCS |
| Original cataloging agency | AR-RoUNCS |
| 080 ## - UNIVERSAL DECIMAL CLASSIFICATION NUMBER | |
| Authority record control number or standard number | 82-311.6(469) |
| 100 1# - MAIN ENTRY--PERSONAL NAME | |
| Personal name | Saramago, José, |
| Dates associated with a name | 1922-2010 |
| Relator term | autor |
| 245 10 - TITLE STATEMENT | |
| Title | Memorial del convento / |
| Statement of responsibility, etc. | José Saramago. |
| 250 ## - EDITION STATEMENT | |
| Edition statement | 1a ed. |
| 260 ## - PUBLICATION, DISTRIBUTION, ETC. | |
| Place of publication, distribution, etc. | Buenos Aires : |
| Name of publisher, distributor, etc. | Alfaguara, |
| Date of publication, distribution, etc. | 2001. |
| 300 ## - PHYSICAL DESCRIPTION | |
| Extent | 467 p. ; |
| Dimensions | 21 cm. |
| 490 0# - SERIES STATEMENT | |
| Series statement | Biblioteca José Saramago. |
| 520 3# - SUMMARY, ETC. | |
| Summary, etc. | Memorial del convento (1982) de José Saramago es una novela histórica ambientada en el Portugal del siglo XVIII bajo la Inquisición. Narra la monumental construcción del convento de Mafra, impulsada por el rey João V, entrelazando el destino del soldado manco Baltasar Sietesoles, la vidente Blimunda Sietelunas y el padre Bartolomeu, creador de una máquina voladora (la passarola). |
| 650 #7 - SUBJECT ADDED ENTRY--TOPICAL TERM | |
| Source of heading or term | embne |
| Topical term or geographic name entry element | Literatura portuguesa |
| 655 #7 - INDEX TERM--GENRE/FORM | |
| Source of term | embne |
| Genre/form data or focus term | Novelas históricas |
| 942 ## - ADDED ENTRY ELEMENTS (KOHA) | |
| Source of classification or shelving scheme | Universal Decimal Classification |
| Koha item type | Obra General |
| Suppress in OPAC | No |
| Withdrawn status | Lost status | Source of classification or shelving scheme | Damaged status | Not for loan | Collection | Home library | Current library | Date acquired | Source of acquisition | Total checkouts | Full call number | Barcode | Date last seen | Price effective from | Koha item type |
|---|---|---|---|---|---|---|---|---|---|---|---|---|---|---|---|
| Universal Decimal Classification | Colección General | Biblioteca Escuela de Ciencias Sociales | Biblioteca Escuela de Ciencias Sociales | 31/07/2024 | Donación 2024 | 82-311.6(469) SA243 | 001076 | 31/07/2024 | 31/07/2024 | Obra General |